| 000 | 00458cam a2200181ua 4500 | ||
|---|---|---|---|
| 020 | _c10.80 | ||
| 041 |
_aeng _h |
||
| 082 |
_a510 _bCHA/BA |
||
| 100 | _aChance, J . | ||
| 245 |
_aBasic mathematics for technology vol-2 / _cJ Chance. _hTextual Documents |
||
| 260 |
_aLondon : _bUniversity of London Press Ltd , _c1995. |
||
| 300 | _a282 ; . | ||
| 365 | _a10.80 | ||
| 504 | _a | ||
| 700 | 1 | _aSims, G F . | |
| 942 | _cBK | ||
| 999 |
_c10054 _d10054 |
||